000 00766cab a2200229 4500
001 WB3121-06
008 090401t1995 xxu||||| |||| 00| 0 eng d
035 _a(Sirsi) u16689
041 _aeng
245 _aTarmac sues over Spanish slate
260 _c1995
350 _a0
490 _aBuilding
_v260(7895) 2 June 1995, 9(1)
520 _aTarmac is suing Spanish Slate Quarries for damages it expects to incur in replacing slates on the roof on the Glades shopping centre in Bromley Kent.
650 _aGLADES SHOPPING CENTRE
650 _aROOFING MATERIALS
650 _aBUILT ENVIRONMENT-BUILDING ELEMENTS-COMPLETE BUILDING ELEMENTS-ROOFS
650 _aSLATES
690 _aBUILT ENVIRONMENT-BUILDING MATERIALS
942 _n0
948 _c04/03/1997
999 _c11022
_d11022